Detalles MARC
| 000 -LIDER |
| fixed length control field |
00959cam a2200325 i 4500 |
| 001 - NÚMERO DE CONTROL |
| Identificador de número de control |
0000876 |
| 003 - IDENTIFICACDOR DE NÚMERO DE CONTROL |
| control field |
DO-SdBNP |
| 005 - DATE AND TIME OF LATEST TRANSACTION |
| control field |
20180215111443.0 |
| 007 - CAMPOS FIJOS DE DESCRIPCIÓN FÍSICA |
| fixed length control field |
0000876 |
| 008 - ELEMENTOS DE LONGITUD FIJA |
| fixed length control field |
100514s 1989 sp a | |||| 000 f spa |
| 015 ## - NÚMERO DENTRO DE LA BIBLIOGRAFÍA NACIONAL |
| National bibliography number |
|
| 017 ## - NÚMERO DE REGISTRO DE DERECHOS DE AUTOR |
| Copyright or legal deposit number |
|
| Assigning agency |
|
| 020 ## - ISBN |
| International Standard Book Number |
8434827301 |
| 035 ## - NÚMERO LOCAL |
| System control number |
|
| 040 ## - FUENTE DE CATALOGACIÓN |
| Agencia que crea de manera original el registro |
BPMSU |
| Idioma de catalogación |
spa |
| Agencia que realiza la transcripción |
BPMSU |
| Convenciones de la despripción |
|
| 080 ## - NÚMERO DE CLASIFICACIÓN DECIMAL UNIVERSAL |
| Universal Decimal Classification number |
|
| 100 1# - ASIENTO PRINCIPAL -- NOMBRE PERSONAL |
| Nombre personal |
Hasler, Eveline |
| Fechas asociadas con el nombre |
1933- |
| 240 1# - TITULO UNIFORME |
| Título uniforme |
Die Blumenstadt / |
| 245 13 - MENCIÓN DE TITULO |
| Título |
La ciudad de las flores / |
| Medio (Designación general de material) |
|
| Mención de responsabilidad |
Eveline Hasler ; ilustraciones Stepán Zavrel ; traducción Marinella Terzi |
| 260 ## - PUBLICACIÓN, DISTRIBUCIÓN, ETC. (PIE DE IMPRENTA) |
| Lugar de publicación, distribución, etc |
Madrid, España : |
| Nombre del editor, distribuidor, etc. |
SM, |
| Fecha de publicación, distribución, etc |
1989. |
| 300 ## - DESCRIPCIÓN FÍSICA |
| Extensión |
[28] p.: |
| Otros detalles físicos |
il. |
| Dimensiones |
30 cm. |
| 490 1# - MENCIÓN DE SERIES |
| Mención de serie |
Cuentos de la torre y la estrella |
| Volume/sequential designation |
44 |
| 586 ## - AWARDS NOTE |
| Awards note |
Critici in Erba, feria de Bolonia, 1988. |
| 700 12 - ASIENTO SECUNDARIO -- NOMBRE PERSONAL |
| Nombre personal |
Zavrel, Stepan |
| Mención de responsabilidad |
il. |
| 700 12 - ASIENTO SECUNDARIO -- NOMBRE PERSONAL |
| Nombre personal |
Terzi, Marinella |
| Mención de responsabilidad |
trad. |
| 830 #0 - ASIENTO SECUNDARIO DE SERIE--TÍTULO UNIFORME |
| Título uniforme |
Cuentos de la torre y la estrella |
| Número de la parte o sección de una obra |
44 |
| 942 ## - ADDED ENTRY ELEMENTS (KOHA) |
| Source of classification or shelving scheme |
Dewey Decimal Classification |
| Koha item type |
Libros |
| 945 ## - INFORMACIÓN DE PROCESAMIENTO LOCAL |
| Información de procesamiento local |
Inventariado, 2018 / BT |
| 956 ## - LOCAL ELECTRONIC LOCATION AND ACCESS (OCLC) |
| Nombre de host |
YLOCKWARD |
| Campo enlazado y núm. de secuencia |
10 |
| Información de compresión |
BPMSU |